| 000 | 00551nam a22001817a 4500 | ||
|---|---|---|---|
| 003 | NUST | ||
| 005 | 20260312103229.0 | ||
| 008 | 260312b ||||| |||| 00| 0 eng d | ||
| 020 | _a 978-3319078519 | ||
| 082 |
_a577.3 _bCAT |
||
| 100 |
_aCatherine E. Scott. _9133671 |
||
| 245 |
_aThe Biogeochemical Impacts of Forests and the Implications for Climate Change Mitigation / _cCatherine E. Scott. |
||
| 250 | _a2014th Edition. | ||
| 260 |
_aSwitzerland: _bSpringer, _c2014. |
||
| 300 |
_a132 p ; _c29.00 cm |
||
| 563 | _aHardcover | ||
| 942 |
_2ddc _cBK |
||
| 999 |
_c616634 _d616634 |
||